Wszystkie miasta w województwie świętokrzyskim - Statystyki

Ogólne statystyki
  • Ten quiz został rozwiązany 323 razy
    28 od ostatniego zresetowania
  • Średni wynik to 31 z 51
Statystyki odpowiedzi
Miasto Ludność % Poprawnych
Kielce 195.774
100%
Ostrowiec Świętokrzyski 69.051
96%
Sandomierz 23.644
96%
Skarżysko-Kamienna 45.358
92%
Końskie 19.330
88%
Starachowice 48.965
88%
Busko-Zdrój 15.952
85%
Włoszczowa 10.043
85%
Jędrzejów 15.149
81%
Kazimierza Wielka 5.579
81%
Opatów 6.496
81%
Pińczów 10.844
77%
Staszów 14.810
77%
Chęciny 4.445
69%
Morawica 1.695
69%
Sędziszów 6.484
69%
Bodzentyn 2.240
65%
Łagów 1.587
65%
Małogoszcz 3.769
65%
Połaniec 8.120
65%
Stąporków 5.679
65%
Opatowiec 329
62%
Pacanów 1.117
62%
Suchedniów 8.379
62%
Wąchock 2.764
62%
Skalbmierz 1.289
58%
Chmielnik 3.703
54%
Nowa Słupia 1.361
54%
Piekoszów 3.158
54%
Szydłów 1.106
54%
Wiślica 515
54%
Bogoria 1.076
50%
Ćmielów 3.024
50%
Działoszyce 908
50%
Klimontów 2.000
50%
Ożarów 4.599
50%
Radoszyce 3.167
50%
Daleszyce 2.907
46%
Koprzywnica 2.488
46%
Kunów 2.979
46%
Oleśnica 1.848
46%
Pierzchnica 1.152
46%
Sobków 1.010
46%
Stopnica 1.425
46%
Zawichost 1.776
46%
Łopuszno 1.395
42%
Nowy Korczyn 955
42%
Wodzisław 1.153
42%
Iwaniska 1.322
38%
Osiek 2.015
38%
Gowarczów 1.343
31%
Nie znaleziono quizów pasujących do podanych kryteriów
Rozkład punktacji
Procent ludzi z każdym wynikiem
Percentyl według liczby udzielonych odpowiedzi
Twoja historia wyników
Nie rozwiązałeś tego quizu od ostatniego zresetowania